Cơ sở lập chương trình cho máy tính điện tử

Saved in:
Bibliographic Details
Main Author: Nguyễn Bá Hào
Format: Book
Language:Undetermined
Published: Hà Nội ĐH và THCN 1980
Subjects:
Tags: Add Tag
No Tags, Be the first to tag this record!
Institutions: Trung tâm Học liệu Trường Đại học Cần Thơ
LEADER 00557nam a2200169Ia 4500
001 CTU_5057
008 210402s9999 xx 000 0 und d
082 |a 003.54 
082 |b H108 
100 |a Nguyễn Bá Hào 
245 0 |a Cơ sở lập chương trình cho máy tính điện tử 
245 0 |c Nguyễn Bá Hào, Đỗ Xuân Lôi 
260 |a Hà Nội 
260 |b ĐH và THCN 
260 |c 1980 
650 |a programming languages ( electronic computers ) 
980 |a Trung tâm Học liệu Trường Đại học Cần Thơ